| 000 | 01814cam a22004577a 4500 | ||
|---|---|---|---|
| 001 | 000092092 | ||
| 003 | CHAP | ||
| 005 | 20220329142835.0 | ||
| 008 | 040622d2004 mx a r 00110 spa d | ||
| 010 | _a88559 | ||
| 011 | _a89531 | ||
| 035 | _a100082 | ||
| 040 | _cCHAP | ||
| 090 | _aTesis | ||
| 100 | 0 | 0 |
_aCastillo Calipa, Martín Gelacio. _920095 |
| 245 | 1 | 4 |
_aLos efectos positivos de la política económica orientada al sector agropecuario : _bel caso del programa apícola de la alianza para el campo 2001 en el estado de Quintana Roo / _c/por Martín Gelacio Castillo Calipa. |
| 260 |
_aChapingo, Méx. : _bEl autor, _c2004. |
||
| 300 |
_a88 h. ; : _bilus. ; gráfs. |
||
| 502 | _aTesis (M.C. en Economía del Desarrollo Rural) -- UACH. División de Ciencias Económico Administrativas | ||
| 590 |
_aALEPH _b10 _c20130110 _lUCH01 _h1459 |
||
| 590 |
_aBATCH-UPD _b10 _c20130110 _lUCH01 _h0422 |
||
| 590 |
_aBATCH-UPD _b10 _c20130110 _lUCH01 _h2155 |
||
| 590 |
_aBATCH-UPD _b10 _c20130410 _lUCH01 _h0057 |
||
| 590 |
_aBATCH-UPD _b10 _c20130914 _lUCH01 _h0857 |
||
| 590 |
_aBATCH-UPD _b10 _c20140324 _lUCH01 _h1446 |
||
| 590 |
_aBATCH-UPD _b10 _c20141002 _lUCH01 _h0823 |
||
| 590 |
_aBATCH _b00 _c20181121 _lUCH01 _h0759 |
||
| 590 |
_aCONVERSION _b10 _c20130109 _lUCH01 _h1349 |
||
| 590 |
_aE12093SGE _b10 _c20130625 _lUCH01 _h1427 |
||
| 650 | 1 | 4 |
_aApicultura _xAspectos economicos. _96246 |
| 650 | 1 | 4 |
_aApicultura _zQuintana Roo. _96286 |
| 650 | 1 | 4 |
_aPolítica agrícola _xQuintana Roo. _990355 |
| 856 |
_3Finding aid _uhttp://10.13.5.2/tesis/100082.pdf _zTeclea aquí |
||
| 856 |
_a1 _n0001396 |
||
| 901 | _aBK | ||
| 905 | _aMayto Villalobos S. | ||
| 942 | _cCD | ||
| 942 | _n0 | ||
| 949 |
_aTesis _bBC _cTES _d100082123 _eTS1 _h42292 _i100082 _sb |
||
| 949 |
_aTesis _bBC _cTES _d33724000927752 _eTS2 _fc.2 _h42293 _i100082 _si |
||
| 999 |
_c88559 _d88559 |
||